Science Quiz

Random Science or Animal Quiz

Heaviest Land Animals Quiz Stats

 Plays Quiz Updated Mar 18, 2020

Support Sporcle.
Go Orange.
Score 0/10 Timer 02:00
4 Plays Today
Order Animal % Correct
1.Elephant
98.7%
2.Hippopotamus
87.6%
3.Rhinoceros
86.3%
5.Giraffe
70.1%
7.Water Buffalo
51.9%
10.Wild Yak
47.2%
6.Gaur
37.5%
4.Walrus
27.3%
8.Crocodile
24.8%
9.Bison
22.4%

From the Vault

Presidential First Names

by Limelight05

History 5m
For all of you who are on a first name basis with the P.O.T.U.S.
Remove Ads.
Support Sporcle.
Get the best of Sporcle when you Go Orange. This ad-free experience offers more features, more stats, and more fun while also helping to support Sporcle. Thank you for becoming a member.

Show Comments

Extras

Top Quizzes Today


Score Distribution

Your Account Isn't Verified!

In order to create a playlist on Sporcle, you need to verify the email address you used during registration. Go to your Sporcle Settings to finish the process.

Report this User

Report this user for behavior that violates our Community Guidelines.

Details: